000 00668cam a2200217 4500
005 20240313162356.0
008 240313t2009 000 0 eng u
020 _a9780414040946
041 0 _aeng
110 2 _aJoint Contracts Tribunal
_93664
240 0 0 _aPCC/G
245 0 0 _aPCC/G
_bPrime Cost Building Contract Guide 2006, Revision 2009
250 _aRevision 2009
260 _aLondon
_bSweet and Maxwell Limited
_c2009
300 _aii, 29p
_c30cm.
440 _aJCT Contracts 2009
650 2 4 _aJCT PRIME COST BUILDING CONTRACT (2006 EDITION) (REVISION 2009)
651 4 _aUnited Kingdom
690 _aConstruction management
_96230
942 _n0
_2ddc
999 _c121844
_d121844